ANUARIO ESTADISTICO CENTROAMERICANO DE COMERCIO EXTERIOR 1981

Gorde:
Xehetasun bibliografikoak
Erakunde egilea: SIECA
Formatua: Texto
Argitaratua: Guatemala: SIECA
Etiketak: Etiketa erantsi
Etiketarik gabe, Izan zaitez lehena erregistro honi etiketa jartzen!

MARC

LEADER 00000 a a2200000 04500
001 21808
003
040
090 |a 077200  
110 |a SIECA  
245 |a ANUARIO ESTADISTICO CENTROAMERICANO DE COMERCIO EXTERIOR 1981  
260 |a Guatemala:   |b SIECA  
999 |c 14343  |d 14343